Pushtū shāʻirī. (Record no. 81276)
[ view plain ]
| 000 -LEADER | |
|---|---|
| fixed length control field | 00581cam a22002291 4500 |
| 001 - CONTROL NUMBER | |
| control field | sa 68006355 |
| 003 - CONTROL NUMBER IDENTIFIER | |
| control field | DLC |
| 005 - DATE AND TIME OF LATEST TRANSACTION | |
| control field | 20260227112515.0 |
| 008 - FIXED-LENGTH DATA ELEMENTS--GENERAL INFORMATION | |
| fixed length control field | 900220s1966 ii 000 0 urdr |
| 010 ## - LIBRARY OF CONGRESS CONTROL NUMBER | |
| LC control number | sa 68006355 |
| 035 ## - SYSTEM CONTROL NUMBER | |
| System control number | (OCoLC)21098190 |
| 040 ## - CATALOGING SOURCE | |
| Original cataloging agency | DLC |
| Transcribing agency | WaU |
| Modifying agency | DLC |
| 041 1# - LANGUAGE CODE | |
| Language code of text/sound track or separate title | urd |
| Language code of original | pus |
| 050 00 - LIBRARY OF CONGRESS CALL NUMBER | |
| Classification number | PL6825.U7 |
| Item number | B8 |
| 100 1# - MAIN ENTRY--PERSONAL NAME | |
| Personal name | Buk̲h̲ārī, Fārig̲h̲. |
| 245 10 - TITLE STATEMENT | |
| Title | Pushtū shāʻirī. |
| 260 ## - PUBLICATION, DISTRIBUTION, ETC. | |
| Date of publication, distribution, etc. | [1966] |
| 300 ## - PHYSICAL DESCRIPTION | |
| Extent | v. |
| Dimensions | 22 cm. |
| 500 ## - GENERAL NOTE | |
| General note | In Urdu. |
| 650 #0 - SUBJECT ADDED ENTRY--TOPICAL TERM | |
| Topical term or geographic name entry element | Pushto poetry |
| General subdivision | Translations into Urdu. |
| 700 0# - ADDED ENTRY--PERSONAL NAME | |
| Personal name | Raz̤ā Hamdānī, |
| Dates associated with a name | 1914-1994. |
No items available.